Cuadernos de economia social (folleto) /

Guardado en:
Formato: Libro
Publicado: : , 1981
Materias:
Fc
Etiquetas: Agregar Etiqueta
Sin Etiquetas, Sea el primero en etiquetar este registro!
LEADER 00377nam a22001455a 4500
001 CEM.cems007780
005 20060214000000.0
008 130507s1981##################000#0#####d
003 CEMS
082 0 4 |a F331 
245 0 0 |a Cuadernos de economia social (folleto) / 
260 |a  :  |b ,  |c 1981 
653 |a Cooperativismo 
653 |a Fc 
859 |a CEMS  |b BIB. CEMS - 11 de abril  |h F331  |i 1  |p 231.44  |t Ej.1